000
00316nam a2200121Ia 4500
008
230411s9999 xx 000 0 und d
041
_a
eng
082
_a
AN/611/JOS/B05236
100
_a
Joshi V
_9
112973
245
_a
Sharirkriyashastra V Sharirrachanashastra
260
_a
Mumbai
_c
2003
999
_c
155759
_d
155759